| 000 | 00815nam a2200229 u 4500 | ||
|---|---|---|---|
| 001 | 000002630 | ||
| 005 | 20260422131638.0 | ||
| 008 | 090703s1989 dr r 000 0 spa d | ||
| 040 |
_aDO-SdBNP _bspa _cBNPHU |
||
| 082 |
_a343.04 _bB262d |
||
| 100 | 1 |
_aBarnichta Geara, Edgar, _d1958- _97487 |
|
| 245 | 1 | 0 |
_aDerecho tributario admisnistrativo / _cEdgar Barnichta Geara. |
| 260 |
_aSanto Domingo : _bCorripio, _c1989. |
||
| 300 |
_a298 p. ; _c23 cm. |
||
| 504 | _aBibliografía: p. 297-298 | ||
| 590 | _aInventariado, 2018/VM | ||
| 650 | 4 |
_aDerecho fiscal _zRepública Dominicana _98288 |
|
| 650 | 0 |
_aProcedimiento tributario _98289 |
|
| 650 | 4 |
_aImpuestos _xAdministración _zRepública Dominicana _98290 |
|
| 650 | 4 |
_aDerecho administrativo _zRepública Dominicana _91203 |
|
| 910 | _aValidado. Control de calidad BNPHU | ||
| 999 |
_c2466 _d2466 |
||